01171nam a22001457a 4500008004100000020001800041050001600059100001900075245005000094250001200144260005000156300005200206500003500258505073200293200203b xxu||||| |||| 00| 0 eng d a9781111345570 aP90.W84(6e) aWood, Julia T. aCommunication in our lives. /cJulia T. Wood. a6th ed. aBoston :bWadsworth, Cengage Learning,c2012. axxxii, 525 p. : bill. (chiefly col.) ;c25 cm. aIncludes reference and index. aContents: Part I: Foundations of communication: What is communication? -- Communication and perception -- Self-concept -- Listening -- Communication verbally -- Communication nonverbally -- Understanding culture and communication -- Part II: Interpersonal and group communication and media literacy: Conflict, climate, and self-disclosure in interpersonal communication -- Teams and groups: foundations of communication -- Organizational communication -- Mass media, social media, and media literacy -- Part III: Public communication: Planning your public speech -- Support for your public speech: researching and developing -- Organizing and presentation in public speaking -- Informative speeches -- Persuasive speeches.